000 00242nam a22001097a 4500
100 _aMOHANTY A.K.
245 _aFLUID MECHANICS
250 _a2ND ED.
260 _aINDIA
_bPRENTICE HALL PRIVATE LTD.
_c2004
300 _a530
_bILL
942 _cBK
999 _c251902
_d251901